Catálogo público

Materiales para ingeniería (Record no. 10868)

MARC details
000 -CABECERA
campo de control de longitud fija 01750nam a22003977a 4500
003 - IDENTIFICADOR DEL NÚMERO DE CONTROL
campo de control CHAP
005 - FECHA Y HORA DE LA ÚLTIMA TRANSACCIÓN
campo de control 20220329133802.0
008 - DATOS DE LONGITUD FIJA--INFORMACIÓN GENERAL
campo de control de longitud fija 120606s2008 sp a r 00010 spa d
010 ## - NÚMERO DE CONTROL DE LA BIBLIOTECA DEL CONGRESO
Número de control de LC 10868
011 ## - ENLACE DEL NUMERO DE CONTROL DE LA BIBLIOTECA DEL CONGRESO [OBSOLETO]
Número de control de LC 11840
020 ## - NÚMERO INTERNACIONAL ESTÁNDAR DEL LIBRO
Número Internacional Estándar del Libro 978-84-291-7255-3 (Volúmen 1)
020 ## - NÚMERO INTERNACIONAL ESTÁNDAR DEL LIBRO
Número Internacional Estándar del Libro 978-84-291-7256-0 (Volúmen 2)
020 ## - NÚMERO INTERNACIONAL ESTÁNDAR DEL LIBRO
Número Internacional Estándar del Libro 9788429172577 (Obra completa)
035 ## - NÚMERO DE CONTROL DEL SISTEMA
Número de control de sistema 11281
040 ## - FUENTE DE LA CATALOGACIÓN
Centro/agencia transcriptor CHAP
082 04 - NÚMERO DE LA CLASIFICACIÓN DECIMAL DEWEY
Número de clasificación 620.11
Número de documento/Ítem A82
100 1# - ENTRADA PRINCIPAL--NOMBRE DE PERSONA
Nombre de persona Ashby, Michel F.
9 (RLIN) 7913
245 10 - MENCIÓN DE TÍTULO
Título Materiales para ingeniería
Mención de responsabilidad, etc. /por Michael F. Ashby y David R. H. Jones
260 ## - PUBLICACIÓN, DISTRIBUCIÓN, ETC.
Lugar de publicación, distribución, etc. Barcelona :
Nombre del editor, distribuidor, etc. Reverté,
Fecha de publicación, distribución, etc. 2008
300 ## - DESCRIPCIÓN FÍSICA
Extensión 2 v. :
Otras características físicas il.
505 0# - NOTA DE CONTENIDO CON FORMATO
Nota de contenido con formato v.1 Introducción a las propiedades, las aplicaciones y el diseño. -- v.2 Introducción al amicroestructura, el procesamiento y el diseño
534 ## - NOTA SOBRE LA VERSIÓN ORIGINAL
Frase introductoria Tít. original :
Mención de título del original Enginnering materials I. An introduction to propeerties, applications and design
534 ## - NOTA SOBRE LA VERSIÓN ORIGINAL
Frase introductoria Tít. original :
Mención de título del original Enginnering materials II. An introduction to microestructures, processing and design
590 ## - NOTA LOCAL (RLIN)
Nota local BATCH-UPD
Procedencia (VM) [OBSOLETO] 10
Condición del los carretes individuales (VM) [OBSOLETO] 20130110
-- UCH01
-- 1434
590 ## - NOTA LOCAL (RLIN)
Nota local BATCH-UPD
Procedencia (VM) [OBSOLETO] 10
Condición del los carretes individuales (VM) [OBSOLETO] 20130410
-- UCH01
-- 0909
590 ## - NOTA LOCAL (RLIN)
Nota local BATCH-UPD
Procedencia (VM) [OBSOLETO] 10
Condición del los carretes individuales (VM) [OBSOLETO] 20130914
-- UCH01
-- 0418
590 ## - NOTA LOCAL (RLIN)
Nota local CONVERSION
Procedencia (VM) [OBSOLETO] 10
Condición del los carretes individuales (VM) [OBSOLETO] 20130109
-- UCH01
-- 1307
650 04 - PUNTO DE ACCESO ADICIONAL DE MATERIA--TÉRMINO DE MATERIA
Término de materia o nombre geográfico como elemento de entrada Ingeniería
Subdivisión general Materiales.
9 (RLIN) 58189
700 1# - PUNTO DE ACCESO ADICIONAL--NOMBRE DE PERSONA
Nombre de persona Jones, David R. H.
9 (RLIN) 61995
901 ## - ELEMENTOS DE DATOS A LOCAL LDA (RLIN)
a BK
942 ## - ELEMENTOS DE PUNTO DE ACCESO ADICIONAL (KOHA)
Tipo de ítem Koha Libro
949 ## - PROCESAMIENTO DE INFORMACIÓN LOCAL (OCLC)
a 620.11 A82
b BC
c LIBRO
d 33724002335215
e LIBRO
f v.1 c.2
g I.c/e
h 116788
i 11281
s b
t $227.50
949 ## - PROCESAMIENTO DE INFORMACIÓN LOCAL (OCLC)
a 620.11 A82
b BC
c LIBRO
d 33724002335256
e LIBRO
f v.2 c.2
g I.c/e
h 116789
i 11281
s b
t $227.50
949 ## - PROCESAMIENTO DE INFORMACIÓN LOCAL (OCLC)
a 620.11 A82
b BC
c LIBRO
d 33724002335298
e LIBRO
f v.2
g I.c/e
h 116790
i 11281
s i
t $227.50
949 ## - PROCESAMIENTO DE INFORMACIÓN LOCAL (OCLC)
a 620.11 A82
b BC
c LIBRO
d 33724002335967
e LIBRO
f v.1
g I.c/e
h 116787
i 11281
s b
t $227.50
Holdings
Estado de retiro Estado de pérdida Fuente del sistema de clasificación o colocación Estado dañado Restricciones de uso No para préstamo Código de colección Localización permanente Ubicación/localización actual Ubicación en estantería Fecha de adquisición Fuente de adquisición Información codificada de la localización en otra ubicación Total de préstamos Signatura topográfica completa Código de barras Fecha visto por última vez Número de copia Precio válido a partir de Tipo de ítem Koha Fecha del último préstamo
    Dewey Decimal Classification   Préstamo 15 días   General Biblioteca Central Biblioteca Central Planta principal - Colección General 31/12/2019 I.c/e LIBRO   620.11 A82 33724002335215 31/12/2019 v.1 c.2 31/12/2019 Libro  
    Dewey Decimal Classification   Préstamo 15 días   General Biblioteca Central Biblioteca Central Planta principal - Colección General 31/12/2019 I.c/e LIBRO   620.11 A82 33724002335256 31/12/2019 v.2 c.2 31/12/2019 Libro  
    Dewey Decimal Classification   Préstamo 15 días   General Biblioteca Central Biblioteca Central Planta principal - Colección General 31/12/2019 I.c/e LIBRO   620.11 A82 33724002335298 31/12/2019 v.2 31/12/2019 Libro  
    Dewey Decimal Classification   Préstamo 15 días   General Biblioteca Central Biblioteca Central Planta principal - Colección General 31/12/2019 I.c/e LIBRO 1 620.11 A82 33724002335967 09/02/2024 v.1 31/12/2019 Libro 29/01/2024